书目信息 |
| 题名: |
化学实验室安全与环保手册
|
|
| 作者: | 赵华绒 , 方文军 , 王国平 主编 | |
| 分册: | ||
| 出版信息: | 北京 化学工业出版社 2017.3 |
|
| 页数: | 294页 | |
| 开本: | 24cm | |
| 丛书名: | ||
| 单 册: | ||
| 中图分类: | O6-37 | |
| 科图分类: | ||
| 主题词: | 化学实验--实验室管理--安全管理 , 化学实验 , 实验室管理 , 安全管理 | |
| 电子资源: | ||
| ISBN: | 978-7-122-17186-3 | |
| 000 | 01266nam0 2200325 450 | |
| 001 | 0400004455 | |
| 005 | 20171024091910.0 | |
| 010 | @a978-7-122-17186-3@b精装@dCNY68.00 | |
| 090 | @aO6-3@bzhr | |
| 100 | @a20171024d2017 em y0chiy ea | |
| 101 | 0 | @achi |
| 102 | @aCN@b110000 | |
| 105 | @aa z 000yy | |
| 106 | @ar | |
| 200 | 1 | @a化学实验室安全与环保手册@9hua xue shi yan shi an quan yu huan bao shou ce@f赵华绒,方文军,王国平主编 |
| 210 | @a北京@c化学工业出版社@d2017.3 | |
| 215 | @a294页@c图@d24cm | |
| 300 | @a化学工作者手册 | |
| 304 | @a浙江大学化学系组织编写 | |
| 330 | @a本书针对高校教学和科研实验室的具体情况,着重从化学实验室的规范化管理和安全意识建立角度,从实验室安全的一般知识入手,介绍了可能危及人员安全的易燃、易爆、有毒或有污染的物质及相关设备的安全使用方法;给出废弃物的处理原则与方法;推荐紧急事故的应急处置措施;并探讨实验室的信息化管理与信息安全保护方法。 | |
| 606 | 0 | @a化学实验@x实验室管理@x安全管理 |
| 606 | 0 | @a化学实验 |
| 606 | 0 | @a实验室管理 |
| 606 | 0 | @a安全管理 |
| 690 | @aO6-37@v5 | |
| 701 | 0 | @a赵华绒@9zhao hua rong@c(女,@f1969~)@4主编 |
| 701 | 0 | @a方文军@9fang wen jun@c(化学)@4主编 |
| 701 | 0 | @a王国平@9wang guo ping@c(化学)@4主编 |
| 801 | 0 | @aCN@bNLC@c20171024 |
| 905 | @b1038025-9@dO6-37@f5@e832 | |
| 化学实验室安全与环保手册/赵华绒,方文军,王国平主编.-北京:化学工业出版社,2017.3 |
| 294页:图;24cm |
| 化学工作者手册 |
| ISBN 978-7-122-17186-3(精装):CNY68.00 |
| 本书针对高校教学和科研实验室的具体情况,着重从化学实验室的规范化管理和安全意识建立角度,从实验室安全的一般知识入手,介绍了可能危及人员安全的易燃、易爆、有毒或有污染的物质及相关设备的安全使用方法;给出废弃物的处理原则与方法;推荐紧急事故的应急处置措施;并探讨实验室的信息化管理与信息安全保护方法。 |
| ● |
| 相关链接 |
|
|
|
|
正题名:化学实验室安全与环保手册
索取号:O6-37/832
 
预约/预借
| 序号 | 登录号 | 条形码 | 馆藏地/架位号 | 状态 | 备注 |
| 1 | 1038025 | 210380256 | 第二样本阅览室/ [索取号:O6-37/832] | 在馆 | |
| 2 | 1038026 | 210380265 | 密集书库-化学系/ [索取号:O6-37/832] | 在馆 | |
| 3 | 1038027 | 210380274 | 第三借阅区/ [索取号:O6-37/832] | 在馆 | |
| 4 | 1038028 | 210380283 | 第三借阅区/ [索取号:O6-37/832] | 在馆 | |
| 5 | 1038029 | 210380292 | 第三借阅区/ [索取号:O6-37/832] | 在馆 |